000 00714nam a2200217Ia 4500
003 GCL
008 140319s9999 xx 000 0 ara d
040 _aGCL /
_cGCL
082 0 4 _a953.08
_bع ج
100 1 _aعبدالرحمن زكى
245 1 0 _aالجيش المصرى فى العصر الاسلامى من عين جالوت الى رشيد /
_cعبدالرحمن زكى
260 _a[S.N] :
_bمطبعة الكيلانى الصغير ،
_c1970
300 _a270 ص
490 _aموسوعة الجيوش الاسلامية
_v0
650 0 4 _aمصر
650 0 4 _aالاسلام
650 0 4 _aالتاريخ الاسلامى
650 0 4 _aالتاريخ
650 0 4 _aالجيش
942 _2ddc
_cBK
999 _c58858
_d58858